02321nam a22002297a 4500003000400000005001700004008004100021020001800062040001300080082001300093100002500106245007600131250003100207264003800238300003400276500162100310650003101931650003901962650004202001700002502043700002302068OSt20220608092551.0220608b ||||| |||| 00| 0 spa d a9788416767908 cCO-MqBPB aNGbLEEa aLee, Stand1922-201810aAsombroso, fantastico,increible/bunas memorias maravillosas.cStan Lee ala biografía de Stan Lee aBarcelona:bPalneta comic;c2019. a192 paginasbTapa Durac27 cm aEl hombre que estuvo detrás de la creación de Spiderman, de los X-Men, del increíble Hulk y de una legión de superhéroes presenta las primeras memorias gráficas que tratan de su vida y milagros. El de Stan Lee es el nombre más legendario en la historia del cómic. Se trata de la fuerza creativa que propició el ascenso de Marvel Comics y dio vida a algunos de los superhéroes más conocidos del mundo —y a sus más infames villanos—. Sus historias, que trataban de superhéroes que se enfrentan a los problemas de su día a día y de tipos malos con una complejidad psicológica nunca vista por aquel entonces, añadieron ingenio y sutileza a un campo que se había conformado con presentar retratos planos del bien luchando contra el mal. Fue Stan Lee quien hizo humano al superhumano; y, mientras se afanaba en ello, dio forma a una nueva mitología para el siglo xx. En este libro único y profusamente ilustrado, Stan Lee cuenta la historia de su extraordinaria vida con la misma energía inimitable y con ese espíritu original con el que llenó el mundo del cómic. Esta memoria gráfica a todo color habla de los momentos álgidos de su vida, desde su miserable niñez en el neoyorkino barrio de Washington Heights hasta que se convirtió en guionista principal y editor jefe de Marvel Comics durante su época más prolífica, en las décadas de los años 60 y 70 del siglo pasado. Desde su trabajo con los grandes Joe Simon y Jack Kirby, a la creación de Spiderman junto con Steve Ditko, pasando por su reciente cameo en Los vengadores: La era de Ultrón. 2Memorias gráficasvComic 2HistorietasvLegion de superheroes 2Historia del comicvCapitan América aPeter Davidecoautor aColleen Doraneil.